000 00987nac a22002897a 4500
001 BR9604690
003 BR-BrBNA
005 20240105121732.0
008 230509b bl.|||m| |||| 00| 0 por d
040 _aBR-BrBNA
_bpor
_cBiblioteca Nacional de Agricultura
072 _aN10
090 _a4430 BR9604690
100 1 _aBaeta, F. da C.
100 1 _aPeloso, E.J.J. de I.
100 1 _aCampos, A.T. de
100 1 _aOliveira, J.L. de
110 1 _aAssociacao dos Engenheiros Agricolas de Minas Gerais, Vicosa (Brasil)
_9584
245 1 _aEfeito do forro nas condicoes ambientais de galpoes com cobertura de barro e de cimento amianto
260 3 _aVicosa, MG (Brasil):
_c1992.
300 _a12 p.
490 _aEngenharia na Agricultura. Serie Construcoes Rurais e Ambiencia (Brazil)
_vv. 1(2)
_x
500 _aSummary (Pt); 9 ref.; 9 illus.
650 _aGalpao
650 _aEngenharia Rural
909 _a202312
_bLúcia Elande
_c55
_dLúcia Elande
942 _2AGRIS
_n0
_cMS
999 _c287121
_d287121